| 000 | 00784nam a2200217 a 4500 | ||
|---|---|---|---|
| 001 | 000892680 | ||
| 003 | AM-YeHGA | ||
| 005 | 20250617145429.0 | ||
| 008 | 120521s1983 ||| r 000 0 rus d | ||
| 040 | _aAM-YeHGA | ||
| 041 | 0 | _arus | |
| 100 | 1 | _aХазанович, Юрий Яковлевич | |
| 245 | 1 | 0 |
_aДело : _bПовесть / _cЮрий Хазанович. |
| 250 | _aПереизд. | ||
| 260 |
_aСвердловск : _bСред.-Урал. кн. изд-во, _c1983. |
||
| 300 |
_a271 с. : _b[1] л. портр. |
||
| 600 | 1 | 4 | _aДавыдов, Николай Михайлович |
| 653 | 0 | _aРабочий класс в России (д. л.) | |
| 653 | 0 | _aРеволюционное движение в России, 20 в. (д. л.) | |
| 090 | _c313482 | ||
| 999 |
_c311764 _d311764 |
||